[Event "Francophonie-chT Rapid"]
[Site "Tornelo INT"]
[Date "2022.06.04"]
[Round "2.11"]
[White "Darweeche, Roaa"]
[Black "Huynh, Laurent"]
[Result "0-1"]
[WhiteElo "1548"]
[BlackElo "2216"]
[PlyCount "32"]
[EventDate "2022.06.04"]
[EventType "team-swiss (rapid)"]
[EventRounds "11"]
[EventCountry "FRA"]
[SourceTitle "CBM 208 Extra"]
[Source "ChessBase"]
[SourceDate "2022.07.31"]
[SourceVersion "1"]
[SourceVersionDate "2022.07.31"]
[SourceQuality "1"]
[WhiteTeam "Lebanon II"]
[BlackTeam "Belgium FRBE"]
[WhiteTeamCountry "LBN"]
[BlackTeamCountry "BEL"]

1. d4 Nf6 2. c4 e6 3. a3 b6 4. Nc3 Bb7 5. Bg5 d5 6. e3 Be7 7. Nf3 0-0 8. Bd3 Ne4 9. Bxe7 Qxe7 10. Rc1 f5 11. Ne5 Nd7 12. Nxe4 fxe4 13. Nxd7 Qxd7 14. Be2 Rad8 15. 0-0 Qd6 16. Qb3 c6 0-1

[Event "World Cup U18 Prel"]
[Site "Tornelo INT"]
[Date "2021.08.19"]
[Round "8"]
[White "Huynh, Laurent"]
[Black "Jorajuria Mendoza, Algol"]
[Result "1-0"]
[WhiteElo "2227"]
[BlackElo "1693"]
[PlyCount "67"]
[EventDate "2021.08.16"]
[EventType "swiss (rapid)"]
[EventRounds "10"]
[EventCountry "NET"]
[SourceTitle "CBM 203 Extra"]
[Source "ChessBase"]
[SourceDate "2021.09.30"]
[SourceVersion "1"]
[SourceVersionDate "2021.09.30"]
[SourceQuality "1"]

1. e4 c5 2. c4 Nc6 3. Nc3 g6 4. g3 Bg7 5. Bg2 e6 6. d3 Nge7 7. Nge2 d6 8. Be3 Nd4 9. 0-0 0-0 10. f4 f5 11. h3 Nec6 12. Kh2 Bd7 13. Rb1 Rb8 14. a4 a6 15. g4 b5 16. axb5 axb5 17. exf5 gxf5 18. Ng3 fxg4 19. Qxg4 Kh8 20. Be4 bxc4 21. dxc4 Ne7 22. Bxd4 Bxd4 23. Nb5 Bxb5 24. cxb5 Qd7 25. Bd3 Nf5 26. Nxf5 exf5 27. Qf3 Rbe8 28. Rfe1 d5 29. b3 Rg8 30. b6 Rxe1 31. Rxe1 Rb8 32. Qh5 Qd6 33. Qxf5 Rb7 34. Re8+ 1-0

[Event "World Cup U18 Prel"]
[Site "Tornelo INT"]
[Date "2021.08.18"]
[Round "5"]
[White "Aulia, Naufal Aiz Dhafin"]
[Black "Huynh, Laurent"]
[Result "0-1"]
[WhiteElo "1722"]
[BlackElo "2227"]
[PlyCount "88"]
[EventDate "2021.08.16"]
[EventType "swiss (rapid)"]
[EventRounds "10"]
[EventCountry "NET"]
[SourceTitle "CBM 203 Extra"]
[Source "ChessBase"]
[SourceDate "2021.09.30"]
[SourceVersion "1"]
[SourceVersionDate "2021.09.30"]
[SourceQuality "1"]

1. e4 e5 2. Nf3 Nc6 3. d4 exd4 4. Bc4 Nf6 5. e5 d5 6. Bb5 Ne4 7. Nxd4 Bd7 8. Bxc6 bxc6 9. 0-0 Be7 10. f3 Nc5 11. f4 f6 12. f5 0-0 13. e6 Be8 14. c3 Ne4 15. Nd2 c5 16. Nc2 Nd6 17. Qg4 Kh8 18. Nf3 g6 19. Ne3 gxf5 20. Nxf5 Rg8 21. Qh3 Nxf5 22. Qxf5 Bg6 23. Qh3 Be4 24. Bf4 Bd6 25. Nh4 Bxf4 26. Rxf4 Qe7 27. Raf1 Raf8 28. g3 f5 29. Nxf5 Qxe6 30. Qxh7+ Kxh7 31. Rh4+ Kg6 32. Rh6+ Kg5 33. h4+ Kg4 34. Rf4+ Kh3 35. Rxe6 Bxf5 36. Re5 Be4 37. Rxf8 Rxf8 38. Rg5 Rf3 39. Re5 Kxg3 40. h5 Kf4 41. Re7 Rh3 42. Kf2 Rh2+ 43. Kg1 Rxh5 44. Rxc7 Ke3 0-1

[Event "Online Olym Div2 A"]
[Site "Chess.com INT"]
[Date "2020.08.16"]
[Round "9.5"]
[White "Huynh, Laurent"]
[Black "Degenbaev, Aziz"]
[Result "0-1"]
[WhiteElo "2227"]
[BlackElo "1872"]
[PlyCount "124"]
[EventDate "2020.08.14"]
[EventType "team-tourn (rapid)"]
[EventRounds "9"]
[EventCountry "USA"]
[SourceTitle "CBM 198"]
[Source "ChessBase"]
[SourceDate "2020.10.31"]
[SourceVersion "1"]
[SourceVersionDate "2020.10.31"]
[SourceQuality "1"]
[WhiteTeam "Belgium"]
[BlackTeam "Kyrgyzstan"]
[WhiteTeamCountry "BEL"]
[BlackTeamCountry "KGZ"]

1. e4 e6 2. d4 d5 3. Nd2 Nc6 4. c3 e5 5. exd5 Qxd5 6. Ngf3 exd4 7. Bc4 Qh5 8. cxd4 Bg4 9. Qe2+ Nge7 10. Qe4 Bf5 11. Qe3 Nb4 12. 0-0 Nc2 13. Qb3 0-0-0 14. Bxf7 Nxa1 15. Qc4 Bg6 16. Be6+ Kb8 17. Ne5 Nc8 18. Ndf3 Nb6 19. Qe2 Be7 20. Bg4 Bd3 21. Qxd3 Qe8 22. Be3 Bd6 23. Qe2 Rf8 24. Rxa1 h5 25. Bh3 Bxe5 26. Nxe5 g5 27. Bxg5 Rxd4 28. Re1 Nc8 29. Nd7+ Rxd7 30. Bxd7 Qxd7 31. Qxh5 Qf5 32. Qh4 Qc2 33. Bf6 Nd6 34. f3 Rg8 35. g3 b6 36. Bc3 Nf5 37. Qf4 Nd6 38. Qd2 Qf5 39. Qe2 Re8 40. Qf2 Rf8 41. f4 Rg8 42. Qf3 Nc4 43. b3 Nd6 44. Be5 Nf7 45. Qc3 Nxe5 46. Qxe5 Qc2 47. Qe2 Qc5+ 48. Qe3 Qc2 49. Re2 Qd1+ 50. Kg2 Rh8 51. f5 Rf8 52. Qf3 Qd6 53. h4 a5 54. Kh3 Qc5 55. Rf2 Re8 56. Qg4 Qxf2 57. Qg6 Qf1+ 58. Kg4 Qe2+ 59. Kg5 Qe3+ 60. Kg4 Qe4+ 61. Kh3 Rd8 62. Qf6 Rd1 0-1

[Event "Online Olym Div2 A"]
[Site "Chess.com INT"]
[Date "2020.08.16"]
[Round "8.5"]
[White "Nikitenko, Mihail"]
[Black "Huynh, Laurent"]
[Result "1-0"]
[WhiteElo "2424"]
[BlackElo "2227"]
[PlyCount "75"]
[EventDate "2020.08.14"]
[EventType "team-tourn (rapid)"]
[EventRounds "9"]
[EventCountry "USA"]
[SourceTitle "CBM 198"]
[Source "ChessBase"]
[SourceDate "2020.10.31"]
[SourceVersion "1"]
[SourceVersionDate "2020.10.31"]
[SourceQuality "1"]
[WhiteTeam "Belarus"]
[BlackTeam "Belgium"]
[WhiteTeamCountry "BLR"]
[BlackTeamCountry "BEL"]

1. e4 e5 2. Nf3 Nc6 3. Bb5 a6 4. Ba4 Nf6 5. 0-0 b5 6. Bb3 Be7 7. Re1 0-0 8. a4 Bb7 9. d3 d6 10. c3 Nb8 11. Nbd2 Nbd7 12. a5 c5 13. Nf1 c4 14. dxc4 bxc4 15. Bxc4 Nxe4 16. Ne3 Nef6 17. Nf5 Rc8 18. Ba2 Nc5 19. Bg5 Nce4 20. Bh4 g6 21. Nxe7+ Qxe7 22. Nd2 Nxd2 23. Qxd2 Rfe8 24. f4 Rc7 25. Qf2 Kg7 26. fxe5 dxe5 27. Rf1 Ne4 28. Bxe7 Nxf2 29. Bd6 Rd7 30. Rxf2 Rxd6 31. Rxf7+ Kh6 32. Rxb7 e4 33. Re1 e3 34. Bc4 Rc8 35. b3 Re8 36. Rb6 Rd2 37. Bxa6 Rf8 38. Bf1 1-0

[Event "Online Olym Div2 A"]
[Site "Chess.com INT"]
[Date "2020.08.15"]
[Round "5.5"]
[White "Huynh, Laurent"]
[Black "Concio, Michael Jr"]
[Result "1-0"]
[WhiteElo "2227"]
[BlackElo "2297"]
[PlyCount "183"]
[EventDate "2020.08.14"]
[EventType "team-tourn (rapid)"]
[EventRounds "9"]
[EventCountry "USA"]
[SourceTitle "CBM 198"]
[Source "ChessBase"]
[SourceDate "2020.10.31"]
[SourceVersion "1"]
[SourceVersionDate "2020.10.31"]
[SourceQuality "1"]
[WhiteTeam "Belgium"]
[BlackTeam "Philippines"]
[WhiteTeamCountry "BEL"]
[BlackTeamCountry "PHI"]

1. e4 e5 2. Nf3 Nc6 3. Bc4 Be7 4. 0-0 Nf6 5. d3 0-0 6. Re1 d6 7. c3 Na5 8. Bb5 Bd7 9. Ba4 Bxa4 10. Qxa4 Nc6 11. Qb3 Rb8 12. Nbd2 Re8 13. Nf1 Bf8 14. Ne3 Ne7 15. a4 c6 16. a5 Qc7 17. Qc2 d5 18. c4 d4 19. Nf1 Ng6 20. g3 Bb4 21. Bd2 Bxd2 22. N1xd2 b6 23. a6 Nd7 24. b4 h6 25. h4 Rf8 26. h5 Ne7 27. g4 Nf6 28. Nh2 Qd7 29. Qd1 g6 30. Ndf1 Kh8 31. Ng3 Rg8 32. Qf3 Qe6 33. Kh1 gxh5 34. gxh5 Rg5 35. Rg1 Rbg8 36. Rab1 Ng4 37. Nxg4 Rxg4 38. Rg2 Rf4 39. Qe2 Qh3+ 40. Rh2 Qg4 41. Qxg4 Rgxg4 42. Kg2 Rg8 43. b5 c5 44. f3 Rf6 45. Kf2 Rd6 46. Rg1 Rg5 47. Ne2 Rxg1 48. Nxg1 f5 49. Rg2 fxe4 50. fxe4 Re6 51. Nf3 Kh7 52. Nh2 Rf6+ 53. Ke2 Re6 54. Ng4 Kh8 55. Rf2 Kg7 56. Nh2 Ng8 57. Rg2+ Kf7 58. Ng4 Ne7 59. Ke1 Kf8 60. Rf2+ Kg7 61. Rg2 Kf8 62. Nh2 Kf7 63. Nf3 Kf8 64. Nh4 Rf6 65. Ke2 Kf7 66. Rg3 Rf4 67. Nf3 Kf6 68. Rg2 Ke6 69. Rg7 Rf6 70. Rh7 Kd6 71. Rh8 Rf4 72. Rxh6+ Kc7 73. Rh7 Kd6 74. Rh6+ Kc7 75. Nxe5 Rh4 76. Rh7 Kd6 77. Ng6 Rh2+ 78. Ke1 Ng8 79. Nf4 Nf6 80. Rxa7 Rh4 81. Nd5 Nd7 82. Rb7 Rh1+ 83. Kf2 Rh2+ 84. Kg3 Rxh5 85. Nxb6 Ne5 86. Nc8+ Ke6 87. a7 Rg5+ 88. Kh3 Rh5+ 89. Kg2 Rg5+ 90. Kf1 Ng4 91. a8Q Ne3+ 92. Kf2 1-0

[Event "Online Olym Div2 A"]
[Site "Chess.com INT"]
[Date "2020.08.15"]
[Round "4.5"]
[White "Nurmamedov, Azat"]
[Black "Huynh, Laurent"]
[Result "1/2-1/2"]
[WhiteElo "2382"]
[BlackElo "2227"]
[PlyCount "143"]
[EventDate "2020.08.14"]
[EventType "team-tourn (rapid)"]
[EventRounds "9"]
[EventCountry "USA"]
[SourceTitle "CBM 198"]
[Source "ChessBase"]
[SourceDate "2020.10.31"]
[SourceVersion "1"]
[SourceVersionDate "2020.10.31"]
[SourceQuality "1"]
[WhiteTeam "Turkmenistan"]
[BlackTeam "Belgium"]
[WhiteTeamCountry "TKM"]
[BlackTeamCountry "BEL"]

1. Nf3 c5 2. g3 Nc6 3. Bg2 g6 4. 0-0 Bg7 5. c4 e6 6. Nc3 Nge7 7. b3 0-0 8. Bb2 d5 9. cxd5 exd5 10. Rc1 b6 11. Na4 d4 12. d3 Ba6 13. Nd2 Rc8 14. Ba1 Nb4 15. a3 Nbd5 16. Ne4 f5 17. Ng5 Qd7 18. Nf3 f4 19. Qd2 Bh6 20. h3 Nf5 21. g4 Nfe7 22. Nb2 Nc3 23. Nc4 Ned5 24. Bxc3 Nxc3 25. b4 Rce8 26. Rfe1 Bxc4 27. dxc4 Qe7 28. Kf1 Bg7 29. Qd3 Rd8 30. b5 Bf6 31. Nd2 Rfe8 32. Bf3 Kg7 33. Kg2 Qe5 34. Ra1 Rd7 35. a4 Rde7 36. a5 Qg5 37. axb6 axb6 38. Ra6 Re6 39. Ra7+ R8e7 40. Ra8 Re8 41. Ra6 h5 42. Nf1 hxg4 43. Bxg4 Rxe2 44. Rxe2 Nxe2 45. Nd2 f3+ 46. Qxf3 Qxd2 47. Ra7+ Re7 48. Rxe7+ Bxe7 49. Qxe2 Qxe2 50. Bxe2 Kf6 51. Bd3 Bd6 52. Kf3 g5 53. Ke4 Ke6 54. Be2 Bf4 55. Bg4+ Kf6 56. h4 Bd2 57. h5 Be1 58. f4 gxf4 59. Kxf4 Ba5 60. Ke4 Kg7 61. Kd5 Kh6 62. Bd1 Kg5 63. Ke6 Kh6 64. Kf7 Bb4 65. Be2 Ba5 66. Ke7 Bb4 67. Kd6 Ba5 68. Kc6 Kg5 69. Bd1 Kh6 70. Be2 Kg5 71. Bd1 Kh6 72. Be2 1/2-1/2

[Event "Wachtebeke-A"]
[Site "Wachtebeke"]
[Date "2020.02.27"]
[Round "9"]
[White "Defromont, Benjamin"]
[Black "Huynh, Laurent"]
[Result "0-1"]
[WhiteElo "2263"]
[BlackElo "2273"]
[PlyCount "80"]
[EventDate "2020.02.22"]
[EventType "tourn"]
[EventRounds "9"]
[EventCountry "BEL"]
[EventCategory "3"]
[SourceTitle "CBM 195 Extra"]
[Source "ChessBase"]
[SourceDate "2020.05.31"]
[SourceVersion "1"]
[SourceVersionDate "2020.05.31"]
[SourceQuality "1"]

1. d4 Nf6 2. c4 e6 3. Nf3 c5 4. d5 exd5 5. cxd5 d6 6. Nc3 g6 7. e4 Bg7 8. h3 0-0 9. Bd3 b5 10. Bxb5 Nxe4 11. Nxe4 Qa5+ 12. Nfd2 Qxb5 13. Nxd6 Qa6 14. N2c4 Rd8 15. Bf4 Nd7 16. 0-0 Nb6 17. Ne3 Na4 18. Ne4 f5 19. Bc7 Re8 20. Ng5 h6 21. Nf3 Nxb2 22. Qc2 c4 23. Be5 Rxe5 24. Nxe5 Bxe5 25. Rab1 c3 26. Rfe1 Bd7 27. Ng4 Ba4 28. Qc1 Nd3 29. Nxh6+ Kh7 30. Qe3 f4 31. Qe4 Kxh6 32. d6 Rd8 33. Rbd1 Bxd1 34. Rxd1 c2 35. Rxd3 c1Q+ 36. Kh2 Qf1 37. Qxe5 Qfxd3 38. Qxf4+ g5 39. Qf6+ Qg6 40. Qxd8 Qaxd6+ 0-1

[Event "Wachtebeke-A"]
[Site "Wachtebeke"]
[Date "2020.02.26"]
[Round "8"]
[White "Huynh, Laurent"]
[Black "Hautot, Stephane"]
[Result "1/2-1/2"]
[WhiteElo "2273"]
[BlackElo "2322"]
[PlyCount "31"]
[EventDate "2020.02.22"]
[EventType "tourn"]
[EventRounds "9"]
[EventCountry "BEL"]
[EventCategory "3"]
[SourceTitle "CBM 195 Extra"]
[Source "ChessBase"]
[SourceDate "2020.05.31"]
[SourceVersion "1"]
[SourceVersionDate "2020.05.31"]
[SourceQuality "1"]

1. e4 d6 2. d4 Nf6 3. Nc3 Nbd7 4. Nf3 e5 5. Bc4 Be7 6. 0-0 0-0 7. Re1 c6 8. a4 exd4 9. Nxd4 Ne5 10. Bf1 Re8 11. h3 Bf8 12. g3 Ng6 13. Bg2 Bd7 14. Bg5 h6 15. Bd2 a6 16. a5 1/2-1/2

[Event "Francophonie-ch blitz 7th"]
[Site "Paris"]
[Date "2019.08.10"]
[Round "10"]
[White "Huynh, Laurent"]
[Black "Rakotomaharo, Fy Antenaina"]
[Result "1/2-1/2"]
[WhiteElo "2111"]
[BlackElo "2438"]
[PlyCount "89"]
[EventDate "2019.08.10"]
[EventType "swiss (blitz)"]
[EventRounds "11"]
[EventCountry "FRA"]
[SourceTitle "CBM 191 Extra"]
[Source "ChessBase"]
[SourceDate "2019.09.30"]
[SourceVersion "1"]
[SourceVersionDate "2019.09.30"]
[SourceQuality "1"]

1. e4 c5 2. Nf3 d6 3. d4 cxd4 4. Nxd4 Nf6 5. Nc3 a6 6. h3 e5 7. Nde2 h5 8. Bg5 Be6 9. Bxf6 Qxf6 10. Nd5 Qd8 11. Nec3 Nd7 12. Bc4 Rc8 13. Bb3 g6 14. 0-0 Bh6 15. Qf3 0-0 16. Ne3 b5 17. Rad1 b4 18. Ncd5 a5 19. Rfe1 Kg7 20. Ra1 Nc5 21. a3 a4 22. axb4 Nxb3 23. cxb3 axb3 24. Qd1 f5 25. Ra7+ Rf7 26. Rxf7+ Bxf7 27. exf5 Qg5 28. Qf3 Re8 29. Qe4 Kf8 30. h4 Bxd5 31. Qxd5 Qf6 32. fxg6 Qxg6 33. b5 Rb8 34. Nc4 Bf4 35. b6 Kg7 36. Rd1 e4 37. Re1 e3 38. fxe3 Qg3 39. Qd4+ Be5 40. Nxe5 Qxe1+ 41. Kh2 dxe5 42. Qxe5+ Kg6 43. Qd6+ Kg7 44. Qc7+ Kg6 45. Qd6+ 1/2-1/2

[Event "Charleroi op"]
[Site "Roux"]
[Date "2019.07.30"]
[Round "5"]
[White "Klinova, Masha"]
[Black "Huynh, Laurent"]
[Result "1/2-1/2"]
[WhiteElo "2269"]
[BlackElo "2111"]
[PlyCount "140"]
[EventDate "2019.07.27"]
[EventType "swiss"]
[EventRounds "9"]
[EventCountry "BEL"]
[SourceTitle "CBM 191 Extra"]
[Source "ChessBase"]
[SourceDate "2019.09.30"]
[SourceVersion "1"]
[SourceVersionDate "2019.09.30"]
[SourceQuality "1"]

1. e4 e5 2. Nf3 Nc6 3. Bc4 Bc5 4. d3 Nf6 5. 0-0 a6 6. Bb3 Ba7 7. c3 d6 8. Be3 0-0 9. Nbd2 h6 10. h3 Ne7 11. d4 Ng6 12. Re1 Re8 13. a4 Bd7 14. a5 Qc8 15. Nh2 Be6 16. Bxe6 Qxe6 17. d5 Qd7 18. Ng4 Nxg4 19. Qxg4 Qxg4 20. hxg4 Nf4 21. Bxa7 Rxa7 22. Re3 g5 23. g3 Ng6 24. c4 Nf8 25. b4 Nd7 26. Nb3 b6 27. Rc3 Rb8 28. Kg2 Kg7 29. axb6 cxb6 30. Kf3 Rc8 31. Ke3 Rac7 32. Nd2 Nb8 33. Kd3 Kf6 34. Nf1 a5 35. bxa5 b5 36. Nd2 Na6 37. Rb1 b4 38. Rc2 b3 39. Rcb2 Nc5+ 40. Ke3 Rb8 41. a6 Ra7 42. Nxb3 Na4 43. Rc2 Rxa6 44. Rcc1 Rab6 45. Nd2 Nc5 46. Rxb6 Rxb6 47. Rb1 Ra6 48. Rb2 Kg6 49. f3 h5 50. gxh5+ Kxh5 51. g4+ Kg6 52. Nb1 Kf6 53. Kd2 Ke7 54. Nc3 Ra3 55. Kc2 Ra1 56. Rb1 Ra3 57. Rb5 Ra1 58. Nb1 Ra2+ 59. Rb2 Ra4 60. Nd2 Kd7 61. Kc3 Ra3+ 62. Kc2 Ra4 63. Kb1 Ra3 64. Ra2 Rc3 65. Kb2 Re3 66. Kc2 Nd3 67. Ra7+ Ke8 68. Ra8+ Ke7 69. Ra7+ Ke8 70. Ra8+ Ke7 1/2-1/2

[Event "Charleroi op"]
[Site "Roux"]
[Date "2019.07.29"]
[Round "3"]
[White "Roels, Frederik"]
[Black "Huynh, Laurent"]
[Result "0-1"]
[WhiteElo "1944"]
[BlackElo "2111"]
[PlyCount "64"]
[EventDate "2019.07.27"]
[EventType "swiss"]
[EventRounds "9"]
[EventCountry "BEL"]
[SourceTitle "CBM 191 Extra"]
[Source "ChessBase"]
[SourceDate "2019.09.30"]
[SourceVersion "1"]
[SourceVersionDate "2019.09.30"]
[SourceQuality "1"]

1. d4 Nf6 2. c4 e6 3. Nf3 b6 4. g3 Bb7 5. Bg2 Bb4+ 6. Bd2 Be7 7. 0-0 0-0 8. d5 exd5 9. Nh4 Qc8 10. Nf5 Bd8 11. cxd5 Bxd5 12. e4 Bb7 13. Bc3 d6 14. Qd2 Ne8 15. Bh3 Nd7 16. Qf4 Kh8 17. Nxg7 Nxg7 18. Qh6 f6 19. Nd2 Be7 20. Nf3 Rf7 21. Nh4 Qd8 22. g4 Nc5 23. g5 Nge6 24. Ng6+ Kg8 25. Nxe7+ Qxe7 26. Bxf6 Qf8 27. Qh4 Ng7 28. f3 Bc8 29. Bg2 Nd7 30. Bc3 Ne5 31. Qg3 Nh5 32. Qh4 Nf4 0-1

[Event "Charleroi op"]
[Site "Roux"]
[Date "2019.07.28"]
[Round "2"]
[White "Huynh, Laurent"]
[Black "Denivet, Axel"]
[Result "1-0"]
[WhiteElo "2111"]
[BlackElo "1932"]
[PlyCount "111"]
[EventDate "2019.07.27"]
[EventType "swiss"]
[EventRounds "9"]
[EventCountry "BEL"]
[SourceTitle "CBM 191 Extra"]
[Source "ChessBase"]
[SourceDate "2019.09.30"]
[SourceVersion "1"]
[SourceVersionDate "2019.09.30"]
[SourceQuality "1"]

1. e4 e5 2. Nf3 Nc6 3. Bc4 Nf6 4. d3 Bc5 5. c3 Bb6 6. Bb3 d6 7. Nbd2 a6 8. 0-0 0-0 9. Re1 Be6 10. Nc4 Ba7 11. Ne3 d5 12. Ng5 h6 13. Nxe6 fxe6 14. Qe2 Kh8 15. Rf1 Qd7 16. Ng4 Nxg4 17. Qxg4 Rf7 18. Be3 Bxe3 19. fxe3 Rxf1+ 20. Rxf1 dxe4 21. Qxe4 Qd6 22. d4 Rf8 23. Rxf8+ Qxf8 24. Bxe6 exd4 25. exd4 Qe7 26. h4 Nd8 27. Bf5 Qxe4 28. Bxe4 Kg8 29. Bd5+ Kf8 30. Kf2 Ke7 31. Ke3 Kf6 32. a4 Kf5 33. Kf3 g5 34. hxg5 hxg5 35. a5 Kf6 36. b4 c6 37. Bc4 Nf7 38. Bxf7 Kxf7 39. Kg4 Kg6 40. c4 Kf6 41. g3 Kg6 42. d5 cxd5 43. cxd5 Kf6 44. d6 Ke6 45. Kxg5 Kxd6 46. Kf4 Kc6 47. g4 Kb5 48. g5 Kxb4 49. g6 Kxa5 50. g7 b5 51. g8Q Kb4 52. Ke4 a5 53. Kd3 Ka3 54. Kc2 a4 55. Qg3+ Ka2 56. Qc3 1-0

[Event "Wachtebeke-A"]
[Site "Wachtebeke"]
[Date "2019.03.02"]
[Round "1"]
[White "Huynh, Laurent"]
[Black "Van der Lende, Ilias"]
[Result "0-1"]
[WhiteElo "2138"]
[BlackElo "2343"]
[PlyCount "74"]
[EventDate "2019.03.02"]
[EventType "tourn"]
[EventRounds "9"]
[EventCountry "BEL"]
[EventCategory "3"]
[SourceTitle "CBM 189 Extra"]
[Source "ChessBase"]
[SourceDate "2019.06.03"]
[SourceVersion "1"]
[SourceVersionDate "2019.06.03"]
[SourceQuality "1"]

1. e4 e6 2. d4 d5 3. Nd2 c5 4. exd5 exd5 5. Ngf3 Nf6 6. Bb5+ Bd7 7. Bxd7+ Nbxd7 8. 0-0 Be7 9. Re1 0-0 10. c3 Re8 11. dxc5 Nxc5 12. Nb3 Nce4 13. h3 Bd6 14. Be3 Qd7 15. Nbd4 Rac8 16. Qd3 a6 17. Rad1 b5 18. a3 Bb8 19. Qf1 Nd6 20. Bc1 Nfe4 21. Nd2 Nc4 22. Nxc4 dxc4 23. Nf3 Qc7 24. Be3 Re6 25. Rd5 Rce8 26. Red1 h6 27. Rd7 Qc8 28. R7d5 Ng3 29. fxg3 Rxe3 30. Qf2 Qc7 31. Rd7 Qxg3 32. Rd8 Bf4 33. Rxe8+ Rxe8 34. Qxg3 Bxg3 35. Kf1 Re6 36. Rd8+ Kh7 37. Rd1 g5 0-1

[Event "Charleroi op"]
[Site "Charleroi"]
[Date "2018.08.04"]
[Round "9"]
[White "Huynh, Laurent"]
[Black "De Weird, Matthias"]
[Result "1/2-1/2"]
[WhiteElo "2071"]
[BlackElo "1962"]
[PlyCount "114"]
[EventDate "2018.07.28"]
[EventType "swiss"]
[EventRounds "9"]
[EventCountry "BEL"]
[SourceTitle "CBM 185 Extra"]
[Source "ChessBase"]
[SourceDate "2018.07.29"]
[SourceVersion "1"]
[SourceVersionDate "2018.07.29"]
[SourceQuality "1"]

1. e4 g6 2. c4 Bg7 3. Nc3 c5 4. g3 Nc6 5. Bg2 d6 6. Nge2 a6 7. d3 Rb8 8. a4 Nd4 9. 0-0 Nf6 10. Nxd4 cxd4 11. Ne2 e5 12. b4 0-0 13. a5 b5 14. axb6 Qxb6 15. Bd2 Be6 16. Qa4 Ra8 17. Rfb1 Rfb8 18. h3 Nh5 19. g4 Nf6 20. Qd1 h5 21. g5 Nd7 22. Ra5 Ra7 23. Rba1 Rba8 24. f4 Bxc4 25. dxc4 d3+ 26. c5 dxe2 27. Qxe2 dxc5 28. bxc5 Qc6 29. f5 Bf8 30. Be3 Bxc5 31. Rxc5 Nxc5 32. Rc1 Qb5 33. Qxb5 axb5 34. Rxc5 Rb7 35. Rxe5 b4 36. Bd4 Rd7 37. Rd5 Rxd5 38. exd5 b3 39. d6 Rd8 40. Be5 gxf5 41. Bf1 b2 42. Bd3 Rb8 43. Bb1 Rb5 44. Bf4 Rd5 45. Kf2 Rd1 46. Bxf5 b1Q 47. Bxb1 Rxb1 48. Be5 Kf8 49. Bf6 Ke8 50. Kg3 Rb4 51. Be7 Kd7 52. Bf8 Ke6 53. h4 Rg4+ 54. Kh3 Kf5 55. Be7 Rd4 56. Kg3 Ke4 57. Kf2 Rd2+ 1/2-1/2

[Event "Charleroi op"]
[Site "Charleroi"]
[Date "2018.07.30"]
[Round "3"]
[White "Huynh, Laurent"]
[Black "Mitran, Marie"]
[Result "1-0"]
[WhiteElo "2071"]
[BlackElo "1768"]
[PlyCount "39"]
[EventDate "2018.07.28"]
[EventType "swiss"]
[EventRounds "9"]
[EventCountry "BEL"]
[SourceTitle "CBM 185 Extra"]
[Source "ChessBase"]
[SourceDate "2018.07.29"]
[SourceVersion "1"]
[SourceVersionDate "2018.07.29"]
[SourceQuality "1"]

1. d4 Nf6 2. e3 d5 3. Bd3 e6 4. f4 b6 5. Qe2 Bb7 6. Nf3 Bd6 7. Nbd2 Nbd7 8. Ne5 c5 9. c3 c4 10. Bc2 b5 11. 0-0 a5 12. e4 0-0 13. Nxd7 Nxd7 14. e5 Be7 15. f5 Re8 16. f6 gxf6 17. Bxh7+ Kxh7 18. Qh5+ Kg7 19. Qg4+ Kf8 20. Ne4 1-0

[Event "EU Union-ch U14 15th"]
[Site "Mureck"]
[Date "2017.08.09"]
[Round "8"]
[White "Malicka, Maria"]
[Black "Huynh, Laurent"]
[Result "1-0"]
[WhiteElo "2118"]
[BlackElo "1990"]
[PlyCount "57"]
[EventDate "2017.08.02"]
[EventType "swiss"]
[EventRounds "9"]
[EventCountry "AUT"]
[SourceTitle "CBM 180 Extra"]
[Source "ChessBase"]
[SourceDate "2017.10.06"]
[SourceVersion "1"]
[SourceVersionDate "2017.10.06"]
[SourceQuality "1"]

1. Nf3 f5 2. c4 Nf6 3. Nc3 d6 4. d4 e6 5. e3 Be7 6. Bd3 0-0 7. 0-0 Qe8 8. e4 fxe4 9. Nxe4 Nxe4 10. Bxe4 Bf6 11. Ng5 Bxg5 12. Bxg5 Nd7 13. Rc1 Nf6 14. Bb1 h6 15. Bd2 Bd7 16. Rc3 Qh5 17. Qc1 e5 18. dxe5 Ng4 19. h3 Nxe5 20. Rg3 Rf6 21. f4 Raf8 22. Re1 Nc6 23. Bc3 Qh4 24. Ree3 R6f7 25. Qc2 Bf5 26. Qxf5 Rxf5 27. Rxg7+ Kh8 28. Bxf5 Ne5 29. Reg3 1-0

[Event "BEL-ch op"]
[Site "Niel"]
[Date "2017.07.01"]
[Round "1"]
[White "Huynh, Laurent"]
[Black "Hiel, Lino"]
[Result "1/2-1/2"]
[WhiteElo "2063"]
[BlackElo "1858"]
[PlyCount "109"]
[EventDate "2017.07.01"]
[EventType "swiss"]
[EventRounds "9"]
[EventCountry "BEL"]
[SourceTitle "EXT 2018"]
[Source "ChessBase"]
[SourceDate "2017.10.13"]
[SourceVersion "1"]
[SourceVersionDate "2017.10.13"]
[SourceQuality "1"]

1. c4 Nf6 2. Nc3 e6 3. e3 d5 4. Nf3 Be7 5. d4 0-0 6. Bd3 dxc4 7. Bxc4 a6 8. a4 c5 9. 0-0 Nc6 10. Ne2 b6 11. Bd2 Bb7 12. Bc3 Ne4 13. Bd3 Nxc3 14. bxc3 Bf6 15. Rb1 Na5 16. Ng3 Bd5 17. Ne4 c4 18. Bc2 Rb8 19. Nxf6+ Qxf6 20. e4 Bc6 21. Ne5 Qe7 22. Re1 b5 23. d5 Rfd8 24. Qg4 Be8 25. axb5 Rxb5 26. Ra1 Qd6 27. Ba4 Nb3 28. Bxb5 Bxb5 29. Nc6 Bxc6 30. Rxa6 exd5 31. e5 Re8 32. Qc8 Rxc8 33. exd6 Bd7 34. Re7 Nc5 35. Ra7 Kf8 36. Raxd7 Nxd7 37. Rxd7 Re8 38. Kf1 Re6 39. Rd8+ Re8 40. Rd7 g6 41. Rc7 Rd8 42. Rc6 Kg7 43. Ke2 Kf6 44. Ke3 Ke6 45. d7+ Kxd7 46. Ra6 Re8+ 47. Kd4 Re6 48. Ra2 Kd6 49. f3 Kc6 50. h4 h5 51. Ra6+ Kb5 52. Ra7 Re2 53. Kxd5 Rd2+ 54. Ke4 Rxg2 55. Rb7+ 1/2-1/2